Statistics for Countries With the Letter M

Click here to take the quiz!

General Stats

  • This quiz has been taken 94 times
  • The average score is 46 of 54

Answer Stats

Countries% Correct
Morocco
96%
United Kingdom
96%
Mali
95%
Dominican Republic
94%
Mauritania
94%
Mauritius
92%
Mexico
92%
Monaco
92%
Madagascar
91%
Moldova
91%
Oman
91%
Dominica
90%
Malaysia
90%
Mozambique
90%
United States
of America
90%
Yemen
90%
Colombia
88%
Malawi
88%
Maldives
88%
Mongolia
88%
Montenegro
88%
Namibia
88%
United Arab
Emirates
88%
Zambia
88%
Zimbabwe
88%
Armenia
87%
Malta
87%
Myanmar
87%
North Macedonia
86%
Panama
86%
Democratic Republic
of the Congo
84%
Luxembourg
84%
Marshall Islands
84%
Vietnam
84%
Belgium
83%
Cambodia
83%
Romania
83%
Cameroon
82%
Comoros
82%
Germany
82%
Guatemala
82%
San Marino
82%
Bahamas
81%
Federated States
of Micronesia
81%
Gambia
81%
Denmark
79%
Samoa
79%
Turkmenistan
79%
Jamaica
78%
Somalia
78%
Suriname
77%
Sao Tome and
Principe
74%
Solomon Islands
71%
East Timor
69%

Score Distribution

Percentile by Number Answered

Percent of People with Each Score

Your Score History

You have not taken this quiz